LIBRARY & INFORMATION CENTRE, KCAET, TAVANUR

ONLINE PUBLIC ACCESS CATALOGUE (OPAC)

Grantha nikasham (Record no. 5231)

MARC details
000 -LEADER
fixed length control field 00403cam a2200169ua 4500
041 ## - LANGUAGE CODE
Language code of text/sound track or separate title mal
082 ## - DEWEY DECIMAL CLASSIFICATION NUMBER
Classification number 016.494812
Item number BIB/GR
100 ## - MAIN ENTRY--AUTHOR NAME
Personal name Bibliographical orientation, .
245 ## - TITLE STATEMENT
Title Grantha nikasham
260 ## - PUBLICATION, DISTRIBUTION, ETC. (IMPRINT)
Place of publication Alwaye :
Name of publisher Bibliographical orientation committee ,
Year of publication 1965.
300 ## - PHYSICAL DESCRIPTION
Number of Pages 262 ; .
942 ## - ADDED ENTRY ELEMENTS (KOHA)
Koha item type Books
Holdings
Withdrawn status Lost status Damaged status Home library Current library Date acquired Full call number Accession Number Koha item type Public note
Withdrawn     KAUAET KAUAET 07/04/2012 016.494812 9441 Books Deleted
free website counter